00330nam a2200133Ia 4500008004000000082001500040100001700055245002700072250000500099260003900104300001200143650002200155700001900177210210b1976 xxu||||| |||| 00| 0 eng d a581.6 SHAE aSHARMA (B K) aEconomic botany. Ed 2. a aBareillybPrakash Book Depotc1976 aiii,268 aEconomic Botany  aAWASTHI (P B).